| 000 | 00664nam a2200217Ia 4500 | ||
|---|---|---|---|
| 005 | 20250923145355.0 | ||
| 008 | 008 250917s9999 xx 000 0 eng d | ||
| 037 | _aTextual | ||
| 040 |
_aDSWL _beng _cDSWL |
||
| 041 |
_aeng _2eng |
||
| 084 |
_aT4:44,dBx'N64<--N04, N66 _qDSWL |
||
| 100 |
_aDar, S.L. _9834619 |
||
| 245 | 0 |
_aHistory of the Banaras Hindu University _c by S.L. Dar |
|
| 260 |
_aBaranasi _bBanaras Hindu University Press _c1966 |
||
| 300 | _axvii,864 p. | ||
| 365 |
_aINR _b25 . 0 |
||
| 700 |
_a S. Somaskandan _9834620 |
||
| 925 | _g25 . 0 | ||
| 942 |
_cTEXL _hT4:44,dBx'N64<--N04, N66 |
||
| 999 |
_c1450594 _d1450594 |
||